[Event "Team Championship (men blitz)"]
[Site "Sochi"]
[Date "2017.10.05"]
[Round "1.24"]
[White "Kobalia, Mikhail"]
[Black "Varnazov, Lev"]
[Result "1-0"]
[LiveChessVersion "1.4.8"]
[BlackElo "2083"]
[WhiteElo "2568"]

1. e4 {[%clk 0:03:02]} e5 {[%clk 0:03:02]} 2. Nf3 d6 3. d4 {[%clk 0:03:02]} exd4
4. Nxd4 Nf6 {[%clk 0:03:05]} 5. Nc3 {[%clk 0:03:04]} Be7 {[%clk 0:03:06]} 6. Bf4
{[%clk 0:03:03]} O-O 7. Qd2 a6 {[%clk 0:02:56]} 8. O-O-O {[%clk 0:03:05]} b5
{[%clk 0:02:39]} 9. f3 {[%clk 0:03:06]} Bb7 {[%clk 0:02:19]} 10. h4
{[%clk 0:03:07]} Nbd7 {[%clk 0:02:19]} 11. h5 {[%clk 0:03:08]} Nc5
{[%clk 0:02:17]} 12. Nf5 {[%clk 0:03:06]} Re8 {[%clk 0:02:16]} 13. h6
{[%clk 0:02:55]} g6 {[%clk 0:02:17]} 14. Nxe7+ {[%clk 0:02:56]} Qxe7
{[%clk 0:02:16]} 15. Bg5 {[%clk 0:02:56]} Ne6 {[%clk 0:02:17]} 16. Bh4
{[%clk 0:02:55]} Nc5 {[%clk 0:01:59]} 17. Qd4 {[%clk 0:02:52]} Ncd7
{[%clk 0:01:59]} 18. Kb1 {[%clk 0:02:26]} Qe5 {[%clk 0:01:47]} 19. Ne2
{[%clk 0:02:10]} Nh5 {[%clk 0:01:21]} 20. g4 {[%clk 0:02:01]} Qxd4
{[%clk 0:01:21]} 21. Rxd4 {[%clk 0:01:53]} Nhf6 {[%clk 0:01:22]} 22. c4
{[%clk 0:01:49]} b4 {[%clk 0:01:22]} 23. Ng3 {[%clk 0:01:25]} Kf8
{[%clk 0:01:13]} 24. Be2 {[%clk 0:01:25]} Ng8 {[%clk 0:01:14]} 25. Bg5
{[%clk 0:01:23]} f6 {[%clk 0:01:06]} 26. Bc1 {[%clk 0:01:24]} Kf7
{[%clk 0:01:07]} 27. Rhd1 {[%clk 0:01:24]} Ne7 {[%clk 0:00:59]} 28. Nf1
{[%clk 0:01:26]} Nc6 {[%clk 0:01:00]} 29. R4d2 {[%clk 0:01:27]} a5
{[%clk 0:00:45]} 30. Ne3 {[%clk 0:01:28]} Nce5 {[%clk 0:00:40]} 31. Nd5
{[%clk 0:01:25]} Bxd5 {[%clk 0:00:40]} 32. cxd5 {[%clk 0:01:24]} Nc5
{[%clk 0:00:36]} 33. Rc2 {[%clk 0:01:25]} Ra7 {[%clk 0:00:26]} 34. Be3
{[%clk 0:01:25]} Ned7 {[%clk 0:00:27]} 35. Bb5 {[%clk 0:01:25]} Rb7
{[%clk 0:00:23]} 36. Bc6 {[%clk 0:01:26]} Rbb8 {[%clk 0:00:24]} 37. Bxc5
{[%clk 0:01:27]} dxc5 {[%clk 0:00:24]} 38. Bxd7 {[%clk 0:01:27]} 1-0

[Event "Team Championship (men blitz)"]
[Site "Sochi"]
[Date "2017.10.05"]
[Round "1.25"]
[White "Alekseenko, Kirill"]
[Black "Chekletsov, Ilya"]
[Result "1-0"]
[LiveChessVersion "1.4.8"]
[BlackElo "2147"]
[WhiteElo "2586"]

1. e4 {[%clk 0:03:03]} c5 {[%clk 0:03:04]} 2. Nf3 {[%clk 0:03:04]} d6
{[%clk 0:03:05]} 3. d4 {[%clk 0:03:05]} cxd4 {[%clk 0:03:07]} 4. Nxd4
{[%clk 0:03:06]} Nf6 {[%clk 0:03:08]} 5. Nc3 {[%clk 0:03:08]} g6 {[%clk 0:03:09]}
6. Be3 {[%clk 0:03:07]} Bg7 {[%clk 0:03:09]} 7. f3 {[%clk 0:03:08]} O-O 8. Qd2
Nc6 {[%clk 0:03:10]} 9. Bc4 {[%clk 0:03:10]} Bd7 {[%clk 0:03:11]} 10. O-O-O
{[%clk 0:03:10]} Rc8 {[%clk 0:02:31]} 11. Bb3 {[%clk 0:03:09]} Nxd4
{[%clk 0:02:32]} 12. Bxd4 {[%clk 0:03:07]} b5 {[%clk 0:02:33]} 13. e5
{[%clk 0:02:18]} dxe5 {[%clk 0:02:31]} 14. Bxe5 {[%clk 0:02:18]} Bc6
{[%clk 0:02:32]} 15. Qe3 {[%clk 0:02:01]} Qa5 {[%clk 0:02:30]} 16. Kb1
{[%clk 0:02:01]} Rfd8 {[%clk 0:02:24]} 17. Rhe1 {[%clk 0:01:43]} b4
{[%clk 0:02:03]} 18. Ne2 {[%clk 0:01:15]} Ba4 {[%clk 0:02:03]} 19. Nc1
{[%clk 0:01:05]} Rxd1 {[%clk 0:01:06]} 20. Rxd1 {[%clk 0:01:06]} Bxb3
{[%clk 0:01:07]} 21. Nxb3 {[%clk 0:01:07]} Qa6 {[%clk 0:01:04]} 22. h3
{[%clk 0:00:51]} Qc6 {[%clk 0:00:59]} 23. Qd3 {[%clk 0:00:50]} Ne8
{[%clk 0:00:45]} 24. Bxg7 {[%clk 0:00:50]} Nxg7 {[%clk 0:00:46]} 25. Rd2
{[%clk 0:00:45]} Ne6 {[%clk 0:00:45]} 26. Qd7 {[%clk 0:00:38]} Qxd7
{[%clk 0:00:31]} 27. Rxd7 Rc7 28. Rd2 {[%clk 0:00:38]} Kf8 {[%clk 0:00:29]} 29.
Nd4 {[%clk 0:00:36]} Nxd4 {[%clk 0:00:11]} 30. Rxd4 {[%clk 0:00:37]} Rb7
{[%clk 0:00:05]} 31. b3 {[%clk 0:00:35]} e5 {[%clk 0:00:06]} 32. Rd5
{[%clk 0:00:36]} f6 {[%clk 0:00:08]} 33. Rd6 {[%clk 0:00:35]} Ke7
{[%clk 0:00:09]} 34. Ra6 {[%clk 0:00:36]} g5 {[%clk 0:00:08]} 35. g4
{[%clk 0:00:35]} Rc7 {[%clk 0:00:08]} 36. Kb2 {[%clk 0:00:33]} Kf7
{[%clk 0:00:08]} 37. a3 {[%clk 0:00:31]} bxa3+ {[%clk 0:00:07]} 38. Rxa3
{[%clk 0:00:31]} Ke6 {[%clk 0:00:08]} 39. Ra6+ {[%clk 0:00:32]} Ke7
{[%clk 0:00:06]} 40. c4 {[%clk 0:00:33]} h6 {[%clk 0:00:07]} 41. Kc3
{[%clk 0:00:34]} Rd7 {[%clk 0:00:06]} 42. b4 {[%clk 0:00:35]} Kf7
{[%clk 0:00:05]} 43. c5 {[%clk 0:00:36]} Rc7 {[%clk 0:00:06]} 44. Kc4
{[%clk 0:00:38]} Ke7 {[%clk 0:00:08]} 45. b5 {[%clk 0:00:39]} Rb7
{[%clk 0:00:09]} 46. c6 {[%clk 0:00:36]} Rc7 {[%clk 0:00:10]} 47. Kc5
{[%clk 0:00:37]} Ke6 {[%clk 0:00:10]} 48. b6 {[%clk 0:00:33]} axb6+
{[%clk 0:00:12]} 49. Rxb6 {[%clk 0:00:33]} f5 {[%clk 0:00:11]} 50. Rb7
{[%clk 0:00:32]} Rc8 {[%clk 0:00:13]} 51. Rh7 {[%clk 0:00:32]} e4
{[%clk 0:00:13]} 52. gxf5+ {[%clk 0:00:29]} Kxf5 {[%clk 0:00:09]} 53. fxe4+
{[%clk 0:00:30]} Kxe4 {[%clk 0:00:10]} 54. Rxh6 {[%clk 0:00:31]} Kf4
{[%clk 0:00:11]} 55. Kb6 {[%clk 0:00:29]} Rb8+ {[%clk 0:00:10]} 56. Ka7
{[%clk 0:00:28]} Rb3 {[%clk 0:00:09]} 57. c7 {[%clk 0:00:28]} Rc3
{[%clk 0:00:10]} 58. Kb7 {[%clk 0:00:29]} 1-0

[Event "Team Championship (men blitz)"]
[Site "Sochi"]
[Date "2017.10.05"]
[Round "1.26"]
[White "Shkurkin, Andrey"]
[Black "Alekseev, Evgeny"]
[Result "0-1"]
[LiveChessVersion "1.4.8"]
[BlackElo "2636"]
[WhiteElo "2195"]

1. d4 {[%clk 0:03:02]} Nf6 {[%clk 0:03:03]} 2. c4 {[%clk 0:03:02]} e6
{[%clk 0:03:04]} 3. g3 {[%clk 0:03:03]} c5 {[%clk 0:03:05]} 4. d5
{[%clk 0:03:05]} exd5 {[%clk 0:03:06]} 5. cxd5 {[%clk 0:03:05]} d6
{[%clk 0:03:07]} 6. Nc3 {[%clk 0:03:06]} g6 {[%clk 0:03:08]} 7. Bg2
{[%clk 0:03:07]} Bg7 {[%clk 0:03:09]} 8. Nf3 {[%clk 0:03:08]} O-O
{[%clk 0:03:10]} 9. O-O {[%clk 0:03:08]} Nbd7 {[%clk 0:03:10]} 10. Bf4
{[%clk 0:03:06]} Qe7 {[%clk 0:03:10]} 11. Re1 {[%clk 0:02:50]} Ng4
{[%clk 0:03:03]} 12. e4 {[%clk 0:02:26]} Nde5 {[%clk 0:02:51]} 13. h3
{[%clk 0:02:01]} Nxf3+ {[%clk 0:02:48]} 14. Bxf3 {[%clk 0:01:57]} Ne5
{[%clk 0:02:48]} 15. Bg2 {[%clk 0:01:57]} Bd7 {[%clk 0:02:39]} 16. a4
{[%clk 0:01:54]} b6 {[%clk 0:01:56]} 17. Qe2 {[%clk 0:01:12]} a6 {[%clk 0:01:47]}
18. Be3 {[%clk 0:00:37]} c4 {[%clk 0:01:44]} 19. Bxb6 {[%clk 0:00:25]} Nd3
{[%clk 0:01:45]} 20. Red1 {[%clk 0:00:21]} Rae8 {[%clk 0:01:34]} 21. Rxd3
{[%clk 0:00:18]} cxd3 {[%clk 0:01:34]} 22. Qxd3 {[%clk 0:00:19]} Bc8
{[%clk 0:01:22]} 23. a5 {[%clk 0:00:09]} f5 {[%clk 0:01:21]} 24. exf5
{[%clk 0:00:05]} gxf5 {[%clk 0:01:19]} 25. f4 {[%clk 0:00:04]} Qf6
{[%clk 0:01:05]} 26. Kh2 {[%clk 0:00:05]} Re7 {[%clk 0:01:01]} 27. Ra4
{[%clk 0:00:05]} Rfe8 {[%clk 0:00:56]} 28. Rc4 {[%clk 0:00:07]} Qg6
{[%clk 0:00:42]} 29. Rc6 {[%clk 0:00:06]} Bb7 {[%clk 0:00:38]} 30. Rc7
{[%clk 0:00:05]} h5 {[%clk 0:00:32]} 31. Rxe7 {[%clk 0:00:06]} Rxe7
{[%clk 0:00:33]} 32. h4 {[%clk 0:00:06]} Qf6 {[%clk 0:00:19]} 33. Qc4
{[%clk 0:00:07]} Qg6 {[%clk 0:00:16]} 34. Qd3 {[%clk 0:00:08]} Qf7
{[%clk 0:00:15]} 35. Qc4 {[%clk 0:00:08]} Re1 {[%clk 0:00:15]} 36. Qc7
{[%clk 0:00:07]} Qxc7 {[%clk 0:00:13]} 37. Bxc7 {[%clk 0:00:08]} Bf8
{[%clk 0:00:13]} 38. Na4 {[%clk 0:00:06]} Rc1 {[%clk 0:00:11]} 39. Bb6
{[%clk 0:00:05]} Rc2 {[%clk 0:00:09]} 40. Kg1 {[%clk 0:00:06]} Kf7
{[%clk 0:00:09]} 41. Bd4 {[%clk 0:00:07]} Rc4 {[%clk 0:00:07]} 42. Bc3
{[%clk 0:00:03]} Rxa4 {[%clk 0:00:08]} 43. Bf1 {[%clk 0:00:04]} Bxd5
{[%clk 0:00:08]} 0-1

[Event "Team Championship (men blitz)"]
[Site "Sochi"]
[Date "2017.10.05"]
[Round "1.27"]
[White "Levin, Evgeny A."]
[Black "Berezovics, Alexander"]
[Result "1-0"]
[LiveChessVersion "1.4.8"]
[BlackElo "2212"]
[WhiteElo "2546"]

1. d4 {[%clk 0:03:03]} d6 {[%clk 0:03:02]} 2. Nf3 {[%clk 0:03:03]} g6
{[%clk 0:03:03]} 3. e4 {[%clk 0:03:04]} Bg7 {[%clk 0:03:03]} 4. c3
{[%clk 0:03:04]} Nf6 {[%clk 0:03:03]} 5. Bd3 {[%clk 0:03:04]} O-O
{[%clk 0:03:01]} 6. O-O {[%clk 0:03:05]} Nc6 {[%clk 0:02:59]} 7. Re1
{[%clk 0:03:03]} Nd7 {[%clk 0:02:58]} 8. Bg5 {[%clk 0:02:55]} h6 {[%clk 0:02:58]}
9. Be3 {[%clk 0:02:55]} e5 {[%clk 0:02:58]} 10. Nbd2 {[%clk 0:02:33]} f5
{[%clk 0:02:25]} 11. Nf1 {[%clk 0:02:20]} f4 {[%clk 0:02:17]} 12. Bc1
{[%clk 0:02:07]} g5 {[%clk 0:02:07]} 13. h3 {[%clk 0:02:05]} Kh8 {[%clk 0:02:02]}
14. Be2 {[%clk 0:01:55]} Nf6 {[%clk 0:01:50]} 15. dxe5 {[%clk 0:01:42]} Nxe5
{[%clk 0:01:37]} 16. N1d2 {[%clk 0:01:31]} Bd7 {[%clk 0:01:29]} 17. Nc4
{[%clk 0:01:18]} Re8 {[%clk 0:00:51]} 18. Nfxe5 {[%clk 0:00:42]} dxe5
{[%clk 0:00:50]} 19. Bf3 {[%clk 0:00:28]} Qe7 {[%clk 0:00:51]} 20. a4
{[%clk 0:00:22]} Qf7 {[%clk 0:00:49]} 21. Na3 {[%clk 0:00:14]} Rad8
{[%clk 0:00:43]} 22. Qc2 {[%clk 0:00:08]} Be6 {[%clk 0:00:37]} 23. b4
{[%clk 0:00:05]} c6 {[%clk 0:00:33]} 24. Qe2 {[%clk 0:00:05]} h5 {[%clk 0:00:31]}
25. Qc2 {[%clk 0:00:05]} g4 {[%clk 0:00:30]} 26. hxg4 {[%clk 0:00:05]} hxg4
{[%clk 0:00:31]} 27. Be2 {[%clk 0:00:06]} Qg6 {[%clk 0:00:29]} 28. c4
{[%clk 0:00:06]} g3 {[%clk 0:00:24]} 29. Bb2 {[%clk 0:00:07]} Nd7
{[%clk 0:00:21]} 30. Rad1 {[%clk 0:00:08]} Qh6 {[%clk 0:00:19]} 31. Bf3
{[%clk 0:00:09]} Bf6 {[%clk 0:00:16]} 32. Kf1 {[%clk 0:00:10]} gxf2
{[%clk 0:00:15]} 33. Kxf2 {[%clk 0:00:11]} Bh4+ {[%clk 0:00:15]} 34. Ke2
{[%clk 0:00:12]} Bxe1 {[%clk 0:00:11]} 35. Rxe1 {[%clk 0:00:13]} Kg7
{[%clk 0:00:07]} 36. c5 {[%clk 0:00:15]} Rh8 {[%clk 0:00:07]} 37. Nc4
{[%clk 0:00:15]} Bxc4+ {[%clk 0:00:04]} 38. Qxc4 {[%clk 0:00:17]} Qg5
{[%clk 0:00:05]} 39. Rd1 {[%clk 0:00:17]} 1-0

[Event "Team Championship (men blitz)"]
[Site "Sochi"]
[Date "2017.10.05"]
[Round "1.28"]
[White "Chekletsov, Egor"]
[Black "Usmanov, Vasily"]
[Result "1/2-1/2"]
[LiveChessVersion "1.4.8"]
[BlackElo "2441"]
[WhiteElo "1913"]

1. d4 {[%clk 0:03:03]} Nf6 {[%clk 0:03:02]} 2. c4 {[%clk 0:03:04]} e6
{[%clk 0:03:03]} 3. Nf3 {[%clk 0:03:05]} Bb4+ {[%clk 0:03:04]} 4. Bd2
{[%clk 0:03:05]} Qe7 {[%clk 0:03:05]} 5. g3 {[%clk 0:03:07]} Bxd2+
{[%clk 0:03:06]} 6. Nbxd2 {[%clk 0:03:07]} d6 {[%clk 0:03:06]} 7. Bg2
{[%clk 0:03:07]} O-O {[%clk 0:03:05]} 8. O-O {[%clk 0:03:05]} c5 {[%clk 0:03:04]}
9. e4 {[%clk 0:02:38]} e5 {[%clk 0:03:04]} 10. d5 {[%clk 0:02:38]} a6
{[%clk 0:02:35]} 11. a4 {[%clk 0:02:39]} g6 {[%clk 0:02:24]} 12. Ne1
{[%clk 0:02:38]} Nh5 {[%clk 0:02:23]} 13. Nd3 {[%clk 0:02:19]} f5
{[%clk 0:02:05]} 14. f4 {[%clk 0:01:47]} exf4 {[%clk 0:02:02]} 15. Nxf4
{[%clk 0:01:48]} Nxf4 {[%clk 0:01:59]} 16. Rxf4 {[%clk 0:01:44]} g5
{[%clk 0:01:21]} 17. Rf2 {[%clk 0:01:18]} f4 {[%clk 0:01:20]} 18. Qb3
{[%clk 0:01:19]} Nd7 {[%clk 0:00:57]} 19. Raf1 {[%clk 0:01:18]} Ne5
{[%clk 0:00:56]} 20. gxf4 {[%clk 0:01:09]} gxf4 {[%clk 0:00:57]} 21. Rxf4
{[%clk 0:01:02]} Bd7 {[%clk 0:00:33]} 22. Rxf8+ {[%clk 0:00:41]} Rxf8
{[%clk 0:00:34]} 23. Rxf8+ {[%clk 0:00:39]} Kxf8 {[%clk 0:00:30]} 24. Nf3
{[%clk 0:00:21]} Nxf3+ {[%clk 0:00:19]} 25. Qxf3+ {[%clk 0:00:21]} Kg7
{[%clk 0:00:15]} 26. Qg3+ {[%clk 0:00:17]} Kf8 {[%clk 0:00:08]} 27. Bh3
{[%clk 0:00:17]} Bxa4 {[%clk 0:00:07]} 28. Qf4+ {[%clk 0:00:16]} Kg7
{[%clk 0:00:08]} 29. Be6 {[%clk 0:00:15]} h6 {[%clk 0:00:05]} 30. h4
{[%clk 0:00:13]} Qf6 {[%clk 0:00:04]} 31. Qxd6 Qd4+ 32. Kh2 {[%clk 0:00:10]} Qf2+
{[%clk 0:00:05]} 33. Kh3 {[%clk 0:00:11]} Qf1+ {[%clk 0:00:04]} 34. Kg3
{[%clk 0:00:10]} Qg1+ {[%clk 0:00:04]} 35. Kh3 {[%clk 0:00:09]} Qf1+
{[%clk 0:00:05]} 36. Kg3 {[%clk 0:00:10]} Qg1+ {[%clk 0:00:06]} 37. Kh3
{[%clk 0:00:11]} Qf1+ {[%clk 0:00:07]} 38. Kg3 {[%clk 0:00:11]} Qe1+
{[%clk 0:00:08]} 39. Kh3 {[%clk 0:00:10]} Qh1+ {[%clk 0:00:07]} 40. Kg3
{[%clk 0:00:11]} Qe1+ {[%clk 0:00:05]} 1/2-1/2

[Event "Team Championship (men blitz)"]
[Site "Sochi"]
[Date "2017.10.05"]
[Round "1.29"]
[White "Tsvetkov, Andrey"]
[Black "Sarana, Alexey"]
[Result "0-1"]
[LiveChessVersion "1.4.8"]
[BlackElo "2574"]
[WhiteElo "2120"]

1. d4 {[%clk 0:03:03]} d5 {[%clk 0:03:03]} 2. c4 {[%clk 0:03:04]} c6
{[%clk 0:03:04]} 3. Nf3 {[%clk 0:03:05]} Nf6 {[%clk 0:03:05]} 4. g3
{[%clk 0:03:06]} e6 {[%clk 0:03:05]} 5. Bg2 {[%clk 0:03:07]} Nbd7
{[%clk 0:03:06]} 6. O-O {[%clk 0:03:07]} Be7 {[%clk 0:03:02]} 7. Qc2
{[%clk 0:03:08]} O-O {[%clk 0:03:00]} 8. Rd1 {[%clk 0:03:09]} b6 {[%clk 0:02:53]}
9. Nbd2 {[%clk 0:03:07]} a5 {[%clk 0:02:34]} 10. e4 {[%clk 0:02:53]} Ba6
{[%clk 0:02:35]} 11. e5 {[%clk 0:02:47]} Ne8 {[%clk 0:02:36]} 12. b3
{[%clk 0:02:48]} Rc8 {[%clk 0:02:31]} 13. Bb2 {[%clk 0:02:45]} Nc7
{[%clk 0:02:30]} 14. Rac1 {[%clk 0:02:41]} c5 {[%clk 0:02:30]} 15. dxc5
{[%clk 0:02:32]} Nxc5 {[%clk 0:02:26]} 16. Nd4 {[%clk 0:02:30]} Qe8
{[%clk 0:02:27]} 17. a3 {[%clk 0:02:24]} b5 {[%clk 0:02:18]} 18. cxd5
{[%clk 0:02:12]} Nxd5 {[%clk 0:02:18]} 19. Bxd5 {[%clk 0:01:57]} exd5
{[%clk 0:02:19]} 20. Qf5 {[%clk 0:01:52]} b4 {[%clk 0:02:07]} 21. axb4
{[%clk 0:01:50]} axb4 {[%clk 0:01:58]} 22. N2f3 {[%clk 0:01:31]} Qd7
{[%clk 0:01:29]} 23. Qxd7 {[%clk 0:01:21]} Nxd7 {[%clk 0:01:30]} 24. Nf5
{[%clk 0:01:22]} Bc5 {[%clk 0:01:22]} 25. Rxd5 {[%clk 0:01:09]} Rfd8
{[%clk 0:01:07]} 26. Nd6 {[%clk 0:00:35]} Rc7 {[%clk 0:00:49]} 27. Re1
{[%clk 0:00:26]} Nf8 {[%clk 0:00:42]} 28. Kg2 {[%clk 0:00:20]} Ne6
{[%clk 0:00:39]} 29. h4 {[%clk 0:00:11]} h5 {[%clk 0:00:30]} 30. Red1
{[%clk 0:00:13]} Rcd7 {[%clk 0:00:24]} 31. R5d2 {[%clk 0:00:13]} Ra8
{[%clk 0:00:20]} 32. Ng5 {[%clk 0:00:09]} Rda7 {[%clk 0:00:17]} 33. Nxe6 fxe6
{[%clk 0:00:18]} 34. Kh2 {[%clk 0:00:06]} Rd7 {[%clk 0:00:12]} 35. Ne4
{[%clk 0:00:05]} Rxd2 {[%clk 0:00:12]} 36. Rxd2 {[%clk 0:00:07]} Be7
{[%clk 0:00:13]} 37. Rd7 {[%clk 0:00:07]} Bf8 {[%clk 0:00:14]} 38. Ng5
{[%clk 0:00:06]} Bb5 {[%clk 0:00:12]} 39. Rd2 {[%clk 0:00:05]} Re8
{[%clk 0:00:10]} 40. Bd4 {[%clk 0:00:05]} Bc6 {[%clk 0:00:11]} 41. Be3
{[%clk 0:00:05]} Bd5 {[%clk 0:00:12]} 42. f4 {[%clk 0:00:03]} Bxb3
{[%clk 0:00:13]} 43. Rb2 {[%clk 0:00:04]} Bd5 {[%clk 0:00:14]} 44. Kg1
{[%clk 0:00:05]} Rc8 {[%clk 0:00:15]} 45. Kf2 {[%clk 0:00:06]} Rc3
{[%clk 0:00:16]} 46. Bd2 {[%clk 0:00:06]} Rc4 {[%clk 0:00:14]} 47. Nf3
{[%clk 0:00:07]} Be7 {[%clk 0:00:12]} 48. Ne1 {[%clk 0:00:07]} Bc5+
{[%clk 0:00:12]} 49. Kf1 {[%clk 0:00:06]} Re4 {[%clk 0:00:10]} 50. Rc2
{[%clk 0:00:04]} Bc4+ {[%clk 0:00:10]} 51. Kg2 {[%clk 0:00:04]} b3
{[%clk 0:00:11]} 52. Rb2 {[%clk 0:00:04]} Bd5 {[%clk 0:00:10]} 53. Kf1
{[%clk 0:00:05]} Ba3 54. Rb1 Bc4+ {[%clk 0:00:13]} 55. Kg2 {[%clk 0:00:07]} Re2+
{[%clk 0:00:14]} 0-1

[Event "Team Championship (men blitz)"]
[Site "Sochi"]
[Date "2017.10.05"]
[Round "1.30"]
[White "Demidov, Mikhail"]
[Black "Murtazin, Ruslan"]
[Result "1-0"]
[LiveChessVersion "1.4.8"]
[BlackElo "2200"]
[WhiteElo "2555"]

1. Nf3 {[%clk 0:03:02]} Nf6 2. g3 g6 3. b3 Bg7 {[%clk 0:03:05]} 4. Bb2
{[%clk 0:03:06]} O-O {[%clk 0:03:05]} 5. Bg2 {[%clk 0:03:07]} c5 {[%clk 0:03:03]}
6. c4 {[%clk 0:03:05]} Nc6 {[%clk 0:03:02]} 7. O-O {[%clk 0:03:05]} d6
{[%clk 0:02:56]} 8. Nc3 {[%clk 0:03:00]} Bf5 {[%clk 0:02:52]} 9. d3
{[%clk 0:02:56]} Qd7 {[%clk 0:02:49]} 10. Qd2 {[%clk 0:02:39]} Bh3
{[%clk 0:02:41]} 11. Nd5 {[%clk 0:02:29]} e5 {[%clk 0:02:17]} 12. Bxh3
{[%clk 0:02:18]} Qxh3 {[%clk 0:02:17]} 13. Ng5 {[%clk 0:02:18]} Qd7
{[%clk 0:01:57]} 14. f4 {[%clk 0:02:14]} Nxd5 {[%clk 0:01:43]} 15. cxd5
{[%clk 0:02:15]} Ne7 {[%clk 0:01:34]} 16. e4 {[%clk 0:02:10]} h6 {[%clk 0:00:59]}
17. Nf3 {[%clk 0:02:07]} f6 {[%clk 0:00:27]} 18. Nh4 {[%clk 0:01:50]} Kh7
{[%clk 0:00:24]} 19. f5 {[%clk 0:01:48]} g5 {[%clk 0:00:05]} 20. Ng2
{[%clk 0:01:50]} h5 {[%clk 0:00:00]} 1-0

[Event "Team Championship (men blitz)"]
[Site "Sochi"]
[Date "2017.10.05"]
[Round "1.31"]
[White "Perov, German"]
[Black "Lugovskoy, Maxim"]
[Result "0-1"]
[LiveChessVersion "1.4.8"]
[BlackElo "2512"]
[WhiteElo "2152"]

1. e4 {[%clk 0:03:03]} e6 {[%clk 0:03:04]} 2. d4 {[%clk 0:03:05]} d5
{[%clk 0:03:05]} 3. exd5 {[%clk 0:03:06]} exd5 {[%clk 0:03:06]} 4. c4
{[%clk 0:03:06]} Nf6 {[%clk 0:03:05]} 5. Nc3 {[%clk 0:03:08]} Bb4
{[%clk 0:03:06]} 6. Bd3 {[%clk 0:03:08]} O-O {[%clk 0:03:03]} 7. Nf3
{[%clk 0:03:09]} Re8+ {[%clk 0:02:57]} 8. Be3 {[%clk 0:03:10]} dxc4
{[%clk 0:02:50]} 9. Bxc4 {[%clk 0:03:10]} Be6 {[%clk 0:02:51]} 10. Bxe6
{[%clk 0:02:55]} Rxe6 {[%clk 0:02:51]} 11. O-O {[%clk 0:02:55]} Nbd7
{[%clk 0:02:45]} 12. Qb3 {[%clk 0:02:38]} Bxc3 {[%clk 0:02:20]} 13. bxc3
{[%clk 0:02:38]} Nb6 {[%clk 0:02:18]} 14. Ne5 {[%clk 0:02:35]} Nfd7
{[%clk 0:02:13]} 15. f4 {[%clk 0:02:15]} Nxe5 {[%clk 0:02:14]} 16. fxe5
{[%clk 0:02:16]} Qd5 {[%clk 0:02:13]} 17. Qc2 {[%clk 0:02:07]} Nc4
{[%clk 0:02:14]} 18. Bg5 {[%clk 0:01:59]} Rg6 {[%clk 0:02:15]} 19. Rf2
{[%clk 0:01:33]} Rxg5 {[%clk 0:02:13]} 0-1

[Event "Team Championship (men blitz)"]
[Site "Sochi"]
[Date "2017.10.05"]
[Round "1.32"]
[White "Krylov, Mikhail"]
[Black "Bondareva, Daria"]
[Result "1-0"]
[LiveChessVersion "1.4.8"]
[BlackElo "1663"]
[WhiteElo "2494"]

1. c4 {[%clk 0:03:03]} e5 {[%clk 0:03:01]} 2. Nc3 {[%clk 0:03:04]} Nf6
{[%clk 0:03:00]} 3. g3 {[%clk 0:03:05]} c6 {[%clk 0:03:00]} 4. Nf3
{[%clk 0:03:04]} e4 {[%clk 0:02:58]} 5. Nd4 {[%clk 0:03:05]} d5 {[%clk 0:02:57]}
6. cxd5 {[%clk 0:03:04]} cxd5 {[%clk 0:02:57]} 7. d3 {[%clk 0:03:00]} exd3
{[%clk 0:01:48]} 8. Qxd3 {[%clk 0:03:00]} Be7 {[%clk 0:01:23]} 9. Bg2
{[%clk 0:02:59]} O-O {[%clk 0:01:19]} 10. O-O {[%clk 0:02:57]} Be6
{[%clk 0:00:57]} 11. Bf4 {[%clk 0:02:29]} Nc6 {[%clk 0:00:50]} 12. Rfd1
{[%clk 0:02:13]} Qb6 {[%clk 0:00:15]} 13. Ncb5 {[%clk 0:01:48]} Rac8
{[%clk 0:00:10]} 14. Be3 {[%clk 0:01:02]} Nxd4 {[%clk 0:00:06]} 15. Bxd4
{[%clk 0:00:58]} Qa6 {[%clk 0:00:07]} 16. Nxa7 {[%clk 0:00:56]} Qxd3
{[%clk 0:00:07]} 17. Rxd3 {[%clk 0:00:57]} Rc2 {[%clk 0:00:08]} 18. Bf3
{[%clk 0:00:55]} Bc5 {[%clk 0:00:06]} 19. Bxc5 {[%clk 0:00:48]} Rxc5
{[%clk 0:00:08]} 20. Rb3 {[%clk 0:00:48]} Ra8 {[%clk 0:00:03]} 21. Rxb7
{[%clk 0:00:46]} Ra5 {[%clk 0:00:04]} 22. Nc6 {[%clk 0:00:45]} Rc5
{[%clk 0:00:04]} 23. Nd4 {[%clk 0:00:44]} h6 {[%clk 0:00:05]} 24. a3
{[%clk 0:00:42]} Ne8 {[%clk 0:00:04]} 25. Rb6 {[%clk 0:00:41]} Nc7
{[%clk 0:00:04]} 26. Rd1 {[%clk 0:00:41]} Ra6 {[%clk 0:00:03]} 27. Rxa6
{[%clk 0:00:41]} Nxa6 {[%clk 0:00:04]} 28. b4 {[%clk 0:00:39]} Rc3
{[%clk 0:00:06]} 29. Rd3 {[%clk 0:00:37]} Rc1+ {[%clk 0:00:06]} 30. Kg2
{[%clk 0:00:39]} Nc7 {[%clk 0:00:07]} 31. a4 {[%clk 0:00:38]} Rb1
{[%clk 0:00:08]} 32. b5 {[%clk 0:00:39]} Ra1 {[%clk 0:00:08]} 33. b6
{[%clk 0:00:40]} Na6 {[%clk 0:00:08]} 34. Nc6 {[%clk 0:00:39]} Bd7
{[%clk 0:00:06]} 35. Bxd5 {[%clk 0:00:38]} Bxc6 {[%clk 0:00:07]} 36. Bxc6
{[%clk 0:00:39]} Nb4 {[%clk 0:00:08]} 37. Rd8+ {[%clk 0:00:40]} Kh7
{[%clk 0:00:09]} 38. Be4+ {[%clk 0:00:41]} g6 {[%clk 0:00:05]} 39. b7
{[%clk 0:00:42]} Na6 {[%clk 0:00:04]} 40. Ra8 {[%clk 0:00:42]} Rxa4
{[%clk 0:00:05]} 41. Rxa6 {[%clk 0:00:43]} Rxa6 {[%clk 0:00:06]} 42. b8=Q
{[%clk 0:00:44]} Re6 43. Bd3 {[%clk 0:00:44]} 1-0